000 01014nam0a2200301 4500
001 RU\NLR\bibl\1714595
005 20260405212152.0
010 _a978-5-699-46093-9
_98000
021 _aRU
_b2010-93066
_9701д/2010
035 _a(NLR Aleph) 001705609
090 _a1247885
_c1247885
100 _a20101215d2010 |||y0rusy50 ca
101 1 _arus
_ceng
102 _aRU
105 _ay |||||||||
200 1 _aПолночная аллея
_fРейчел Кейн
_g[пер. с англ. Б. Жужунавы]
210 _aМосква
_cЭксмо
_aСанкт-Петербург
_cДомино
_d2010
215 _a394, [1] с.
_d21
225 1 _aМорганвилльские вампиры
_vкн. 3
686 _aШ6(7США)67-445{Лх1979-62}
700 1 _4070
_7ca
_8rus
_aКейн
_bР.
_f1962-2020
_gРэйчел
_3RU\NLR\AUTH\7795274
_978200
801 0 _aRU
_bNLR
_c20101215
_gRCR
801 1 _aRU
_bNLR
_c20101215
830 _aпо кн
942 _cBOOK
980 _aNB